Normal view
MARC view
Entry Topical Term
001 - CONTROL NUMBER
- control field: 23469
003 - CONTROL NUMBER IDENTIFIER
- control field: OSt
005 - DATE AND TIME OF LATEST TRANSACTION
- control field: 20230427095830.0
008 - FIXED-LENGTH DATA ELEMENTS
- fixed length control field: 230427|| aca||aabn | a|a d
040 ## - CATALOGING SOURCE
- Original cataloging agency: OSt
- Transcribing agency: OSt
150 ## - HEADING--TOPICAL TERM
- Topical term or geographic name entry element: တရားထိုင်နည်း
670 ## - SOURCE DATA FOUND
- Source citation: Work cat.: (OSt): မြင့်ဆွေ၊ ဦး၊ မဟာဝိဇ္ဇာ (လန်ဒန်)။ 23468, မိုးကုတ်ဆရာတော်ဘုရားကြီး၏ ထေရုပ္ပတ္တိကျင့်စဉ်နှင့် သစ္စာအနက် ၁၆-ချက် / တရားတော် , ၂၀၁၈။